[Event "BEL-chT 2223"]
[White "Abolianin, Arthur"]
[Black "Matnadze, Ana"]
[Site "Belgium"]
[Round "9.1"]
[Result "0-1"]
[Date "2023.03.19"]
[WhiteElo "2305"]
[BlackElo "2391"]
[PlyCount "76"]
[EventDate "2022.09.25"]
[EventType "team-tourn"]
[EventRounds "11"]
[EventCountry "BEL"]
[SourceTitle "CBM 213 Extra"]
[Source "ChessBase"]
[SourceDate "2023.05.31"]
[SourceVersion "1"]
[SourceVersionDate "2023.05.31"]
[SourceQuality "1"]
[WhiteTeam "KGSRL"]
[BlackTeam "Wachtebeke"]
[WhiteTeamCountry "BEL"]
[BlackTeamCountry "BEL"]

1. d4 Nf6 2. c4 e6 3. g3 d5 4. Nf3 g6 5. Bg2 Bg7 6. 0-0 0-0 7. Nc3 Na6 8. Bg5 h6 9. Bxf6 Bxf6 10. e4 dxe4 11. Nxe4 Bg7 12. Qe2 Re8 13. Rad1 Qe7 14. Rd2 Bd7 15. Ne5 Rad8 16. Rfd1 Bc8 17. Qe3 Kh7 18. c5 Nb4 19. Qa3 Nc2 20. Rxc2 Bxe5 21. Rcd2 Bg7 22. Qxa7 e5 23. d5 f5 24. d6 Qf7 25. Nc3 e4 26. c6 bxc6 27. d7 Rxd7 28. Rxd7 Bxd7 29. Qxc7 Re7 30. Bf1 Be8 31. Qd8 Bf6 32. Qc8 e3 33. Qa6 f4 34. fxe3 fxg3 35. hxg3 Bg5 36. Qc4 Bxe3+ 37. Kh2 Qf2+ 38. Bg2 Re5 0-1

[Event "Mittelrhein Regionalliga 18/19"]
[White "Christensen, Niels"]
[Black "Abolianin, Arthur"]
[Site "Nordrheinwestfalen"]
[Round "1.3"]
[Result "0-1"]
[Date "2018.09.02"]
[WhiteElo "2189"]
[BlackElo "2316"]
[PlyCount "72"]
[EventDate "2018.10.28"]
[EventType "team-tourn"]
[EventRounds "11"]
[EventCountry "GER"]
[SourceTitle "EXT 2022"]
[Source "ChessBase"]
[SourceDate "2021.10.06"]
[SourceVersion "1"]
[SourceVersionDate "2021.10.06"]
[SourceQuality "1"]
[WhiteTeam "Bonn Beuel"]
[BlackTeam "Alsdorf SVG"]
[WhiteTeamCountry "GER"]
[BlackTeamCountry "GER"]

1. d4 g6 2. c4 Bg7 3. Nc3 c5 4. d5 Bxc3+ 5. bxc3 f5 6. f3 d6 7. e4 e5 8. Bd3 f4 9. g3 Nf6 10. Ne2 Nh5 11. 0-0 Bh3 12. Rf2 g5 13. Kh1 Nf6 14. Ng1 Bc8 15. gxf4 exf4 16. Rg2 Nfd7 17. Nh3 h6 18. Bxf4 gxf4 19. Nxf4 Ne5 20. Ng6 Bh3 21. Rg3 Nxg6 22. Rxg6 Qh4 23. Qe1 Qh5 24. Qg3 Nd7 25. Bf1 Ne5 26. Rxd6 Ke7 27. Bxh3 Kxd6 28. f4 Qf3+ 29. Qxf3 Nxf3 30. e5+ Nxe5 31. fxe5+ Kxe5 32. Re1+ Kf4 33. d6 Rae8 34. Rd1 Re3 35. Bg2 Rxc3 36. Bxb7 Rxc4 0-1

[Event "Ghent Eastman op 41st"]
[White "Abolianin, Arthur"]
[Black "Epishin, Vladimir"]
[Site "Ghent"]
[Round "5"]
[Result "0-1"]
[Date "2018.07.16"]
[WhiteElo "2327"]
[BlackElo "2541"]
[PlyCount "50"]
[EventDate "2018.07.14"]
[EventType "swiss"]
[EventRounds "9"]
[EventCountry "BEL"]
[SourceTitle "CBM 185 Extra"]
[Source "ChessBase"]
[SourceDate "2018.07.29"]
[SourceVersion "1"]
[SourceVersionDate "2018.07.29"]
[SourceQuality "1"]

1. g3 d5 2. Bg2 e5 3. Nf3 Nd7 4. 0-0 c6 5. d3 Ngf6 6. e4 dxe4 7. dxe4 Bc5 8. Nbd2 0-0 9. a3 a5 10. b3 b6 11. Qe2 Ba6 12. Nc4 Qc7 13. Bb2 Rfe8 14. Bh3 a4 15. b4 Bf8 16. Rfc1 Rad8 17. Bf1 c5 18. c3 Nb8 19. Qc2 g6 20. Ncxe5 Bxf1 21. Kxf1 Rxe5 22. Nxe5 Qxe5 23. c4 Qe6 24. b5 Nxe4 25. Re1 Qxc4+ 0-1

[Event "Mittelrhein Verbandsliga-W 17/18"]
[White "Abolianin, Arthur"]
[Black "Juelich, Thomas"]
[Site "Nordrheinwestfalen"]
[Round "9.4"]
[Result "1-0"]
[Date "2018.03.18"]
[WhiteElo "2308"]
[BlackElo "1919"]
[PlyCount "63"]
[EventDate "2017.09.10"]
[EventType "team-tourn"]
[EventRounds "11"]
[EventCountry "GER"]
[SourceTitle "EXT 2022"]
[Source "ChessBase"]
[SourceDate "2021.10.06"]
[SourceVersion "1"]
[SourceVersionDate "2021.10.06"]
[SourceQuality "1"]
[WhiteTeam "Alsdorf SVG"]
[BlackTeam "Pulheim"]
[WhiteTeamCountry "GER"]
[BlackTeamCountry "GER"]

1. g3 Nf6 2. Bg2 g6 3. Nf3 c5 4. 0-0 Bg7 5. a3 Nc6 6. Nc3 d6 7. Rb1 Bd7 8. d3 a6 9. b3 Qc8 10. Na4 Qc7 11. c4 Rb8 12. Bg5 h6 13. Bd2 0-0 14. Nc3 e5 15. Ne1 Qc8 16. Nc2 Bh3 17. Ne3 Bxg2 18. Kxg2 Kh7 19. Ned5 Nxd5 20. Nxd5 Qe6 21. Nb6 Ne7 22. b4 Rfe8 23. e4 f5 24. f3 Nc8 25. Nd5 Ne7 26. Nc7 Qc8 27. Nxe8 Qxe8 28. Be3 cxb4 29. Rxb4 Nc6 30. Rb6 Qd7 31. Qb3 f4 32. Bf2 1-0

[Event "Mittelrhein Verbandsliga-W 17/18"]
[White "Abolianin, Arthur"]
[Black "Horbach, Fabian"]
[Site "Nordrheinwestfalen"]
[Round "6.3"]
[Result "1-0"]
[Date "2018.01.14"]
[WhiteElo "2308"]
[BlackElo "1999"]
[PlyCount "107"]
[EventDate "2017.09.10"]
[EventType "team-tourn"]
[EventRounds "11"]
[EventCountry "GER"]
[SourceTitle "EXT 2022"]
[Source "ChessBase"]
[SourceDate "2021.10.06"]
[SourceVersion "1"]
[SourceVersionDate "2021.10.06"]
[SourceQuality "1"]
[WhiteTeam "Alsdorf SVG"]
[BlackTeam "Herzogenrath"]
[WhiteTeamCountry "GER"]
[BlackTeamCountry "GER"]

1. g3 d5 2. Bg2 Nf6 3. c4 e6 4. Nf3 Be7 5. 0-0 0-0 6. b3 c6 7. Bb2 Nbd7 8. d3 Re8 9. Qc2 b6 10. e4 Nf8 11. Ne5 Bb7 12. cxd5 cxd5 13. Nc6 Bxc6 14. Qxc6 Rc8 15. Qa4 Qd7 16. Qxd7 N8xd7 17. e5 Ng4 18. d4 Rc2 19. Bc1 Rec8 20. Na3 Bxa3 21. Bxa3 Nh6 22. Rfd1 Ng4 23. Rf1 Nh6 24. h3 Nf5 25. Rfd1 f6 26. Bf1 fxe5 27. Bd3 R2c6 28. Bxf5 exf5 29. dxe5 Nxe5 30. Rxd5 Re6 31. Kf1 g6 32. Re1 Rce8 33. Rc1 Rc6 34. Rxc6 Nxc6 35. Rd7 Re6 36. Bb2 Re7 37. Rd6 Rc7 38. h4 b5 39. h5 Ne7 40. Be5 Rb7 41. h6 g5 42. Bf6 g4 43. Bd4 Rc7 44. Ke1 Rc6 45. Rd7 Re6+ 46. Kd2 a6 47. Kc3 Kf8 48. Bc5 a5 49. Ra7 Kf7 50. Rxa5 Rxh6 51. Ra7 Re6 52. Rxe7+ Rxe7 53. Bxe7 Kxe7 54. a4 1-0

[Event "Lignano Sabbiadoro op 3rd"]
[White "Monda, Laszlo"]
[Black "Abolianin, Arthur"]
[Site "Lignano Sabbiadoro"]
[Round "9"]
[Result "0-1"]
[Date "2017.08.06"]
[WhiteElo "2086"]
[BlackElo "2329"]
[PlyCount "51"]
[EventDate "2017.07.30"]
[EventType "swiss"]
[EventRounds "9"]
[EventCountry "ITA"]
[SourceTitle "CBM 179 Extra"]
[Source "ChessBase"]
[SourceDate "2017.08.23"]
[SourceVersion "1"]
[SourceVersionDate "2017.08.23"]
[SourceQuality "1"]

1. d4 g6 2. Nf3 Bg7 3. c3 d6 4. Bg5 h6 5. Bf4 Nd7 6. h3 e5 7. dxe5 dxe5 8. Bc1 Ngf6 9. e3 0-0 10. Bc4 e4 11. Nh2 Ne5 12. Qxd8 Rxd8 13. Be2 Be6 14. Nd2 Rd7 15. Nhf1 Rad8 16. f3 Nd3+ 17. Bxd3 Rxd3 18. fxe4 h5 19. Ke2 h4 20. g3 hxg3 21. Nxg3 Bh6 22. Ndf1 a5 23. Rh2 Rd1 24. Nd2 R8xd2+ 25. Bxd2 Rxa1 26. Bc1 0-1

[Event "Lignano Sabbiadoro op 3rd"]
[White "Di Benedetto, Edoardo"]
[Black "Abolianin, Arthur"]
[Site "Lignano Sabbiadoro"]
[Round "6"]
[Result "0-1"]
[Date "2017.08.03"]
[WhiteElo "2275"]
[BlackElo "2329"]
[PlyCount "76"]
[EventDate "2017.07.30"]
[EventType "swiss"]
[EventRounds "9"]
[EventCountry "ITA"]
[SourceTitle "CBM 179 Extra"]
[Source "ChessBase"]
[SourceDate "2017.08.23"]
[SourceVersion "1"]
[SourceVersionDate "2017.08.23"]
[SourceQuality "1"]

1. e4 g6 2. d4 Bg7 3. Nc3 d6 4. Be3 c6 5. a4 Nd7 6. Nf3 Qc7 7. Bd3 Ngf6 8. h3 e5 9. 0-0 0-0 10. Qd2 Re8 11. dxe5 dxe5 12. Rad1 Nf8 13. Bc4 Be6 14. Bxe6 Nxe6 15. Qd6 Qxd6 16. Rxd6 Bf8 17. Rd3 Nc5 18. Bxc5 Bxc5 19. g4 h6 20. Kg2 Kg7 21. Ng1 a6 22. Nge2 b5 23. f3 Rec8 24. b3 Nh7 25. Rd7 Nf8 26. Rb7 Rab8 27. Rxb8 Rxb8 28. Rd1 Ne6 29. Rd7 Kf8 30. h4 Ke8 31. Rd1 Ke7 32. Rh1 Bb4 33. Ra1 Rd8 34. Rd1 Rd6 35. Kf2 Nd4 36. axb5 axb5 37. Rd2 Kd7 38. Kg3 Nxe2+ 0-1

[Event "Lignano Sabbiadoro op 3rd"]
[White "Abolianin, Arthur"]
[Black "Nester, Ihor"]
[Site "Lignano Sabbiadoro"]
[Round "5"]
[Result "0-1"]
[Date "2017.08.02"]
[WhiteElo "2329"]
[BlackElo "2320"]
[PlyCount "94"]
[EventDate "2017.07.30"]
[EventType "swiss"]
[EventRounds "9"]
[EventCountry "ITA"]
[SourceTitle "CBM 179 Extra"]
[Source "ChessBase"]
[SourceDate "2017.08.23"]
[SourceVersion "1"]
[SourceVersionDate "2017.08.23"]
[SourceQuality "1"]

1. g3 f5 2. d4 e6 3. Bg2 Nf6 4. Nd2 c5 5. e3 Nc6 6. Ndf3 d5 7. Ne2 Bd6 8. 0-0 0-0 9. c4 dxc4 10. Qc2 Nb4 11. Qxc4 b5 12. Qb3 c4 13. Qd1 Bb7 14. a4 a6 15. b3 cxb3 16. Ng5 Bxg2 17. Kxg2 Nc2 18. Rb1 bxa4 19. Nxe6 Qa5 20. Nxf8 Rxf8 21. Qd3 Rb8 22. Nc3 Qb4 23. Qxa6 a3 24. Kg1 Qxc3 25. Qxd6 Qb4 26. Qe6+ Kh8 27. Bb2 axb2 28. Rxb2 Na3 29. Rc1 h6 30. Rxb3 Qxb3 31. Rc8+ Ng8 32. Rxg8+ Kh7 33. Qxb3 Rxb3 34. Rc8 Nb5 35. Rc2 Nc3 36. Kf1 g5 37. h3 h5 38. Kg2 g4 39. h4 Kg6 40. Kf1 Kf6 41. Ke1 Ke6 42. Kd2 Ne4+ 43. Ke1 Kd5 44. Ke2 Rb1 45. Kd3 Rf1 46. Rc8 Rxf2 47. Rd8+ Ke6 0-1

[Event "Lignano Sabbiadoro op 3rd"]
[White "Abolianin, Arthur"]
[Black "Loiacono, Leonardo"]
[Site "Lignano Sabbiadoro"]
[Round "3"]
[Result "1-0"]
[Date "2017.07.31"]
[WhiteElo "2329"]
[BlackElo "2188"]
[PlyCount "99"]
[EventDate "2017.07.30"]
[EventType "swiss"]
[EventRounds "9"]
[EventCountry "ITA"]
[SourceTitle "CBM 179 Extra"]
[Source "ChessBase"]
[SourceDate "2017.08.23"]
[SourceVersion "1"]
[SourceVersionDate "2017.08.23"]
[SourceQuality "1"]

1. c4 c5 2. g3 g6 3. Bg2 Bg7 4. Nc3 Nc6 5. Nh3 d6 6. Nf4 Nf6 7. d3 0-0 8. h4 h5 9. a3 a6 10. Rb1 Rb8 11. b4 Nd7 12. Bd2 cxb4 13. axb4 Nce5 14. Qa4 Nf6 15. b5 axb5 16. Nxb5 Bd7 17. 0-0 Ra8 18. Qc2 Bc6 19. e4 Ned7 20. Nd5 Nxd5 21. exd5 Bxb5 22. Rxb5 Qc7 23. Rfb1 b6 24. Be3 Ra6 25. Bh3 Rfa8 26. Bxd7 Qxd7 27. Kg2 Ra2 28. Qd1 Qf5 29. Rxb6 Bh6 30. Qf3 Qxf3+ 31. Kxf3 Bxe3 32. Rb8+ Rxb8 33. Rxb8+ Kg7 34. Kxe3 Kf6 35. Rb7 Ra3 36. Rd7 Ra2 37. Rc7 Ra3 38. f3 Ra2 39. g4 Rh2 40. g5+ Kf5 41. Rxe7 Rxh4 42. Rxf7+ Kxg5 43. f4+ Kh6 44. c5 Rh1 45. cxd6 Re1+ 46. Kd4 Re8 47. d7 Rd8 48. Ke5 h4 49. Kd6 h3 50. Re7 1-0

[Event "Ghent Eastman op 40th"]
[White "Abolianin, Arthur"]
[Black "Harakis, Alexis"]
[Site "Ghent"]
[Round "5"]
[Result "0-1"]
[Date "2017.07.17"]
[WhiteElo "2329"]
[BlackElo "2284"]
[PlyCount "70"]
[EventDate "2017.07.15"]
[EventType "swiss"]
[EventRounds "9"]
[EventCountry "BEL"]
[SourceTitle "CBM 179 Extra"]
[Source "ChessBase"]
[SourceDate "2017.08.23"]
[SourceVersion "1"]
[SourceVersionDate "2017.08.23"]
[SourceQuality "1"]

1. g3 d5 2. Bg2 e5 3. Nf3 e4 4. Nd4 Bc5 5. Nb3 Bb6 6. d3 Nf6 7. 0-0 0-0 8. Nc3 exd3 9. cxd3 a5 10. Bg5 c6 11. e4 a4 12. Nd2 a3 13. exd5 axb2 14. Rb1 h6 15. Bxf6 Qxf6 16. Qb3 Bd4 17. Ne2 cxd5 18. Nxd4 Qxd4 19. Bxd5 Ra5 20. Be4 Qa7 21. Rxb2 Ra3 22. Qc2 Nc6 23. Nc4 Nd4 24. Qb1 Ra6 25. Nb6 Be6 26. a4 f5 27. Bg2 f4 28. Be4 f3 29. Nd5 Bh3 30. Qa2 Ne2+ 31. Rxe2 fxe2 32. Ne7+ Kh8 33. Qxe2 Bxf1 34. Kxf1 b5 35. Ng6+ Rxg6 0-1

[Event "Mittelrhein Verbandsliga-W 16/17"]
[White "Abolianin, Arthur"]
[Black "Burovic, Ismet"]
[Site "Nordrheinwestfalen"]
[Round "9.1"]
[Result "1/2-1/2"]
[Date "2017.03.19"]
[WhiteElo "2319"]
[BlackElo "2302"]
[PlyCount "51"]
[EventDate "2016.09.11"]
[EventType "team-tourn"]
[EventRounds "11"]
[EventCountry "GER"]
[SourceTitle "EXT 2022"]
[Source "ChessBase"]
[SourceDate "2021.10.06"]
[SourceVersion "1"]
[SourceVersionDate "2021.10.06"]
[SourceQuality "1"]
[WhiteTeam "Lendersdorf"]
[BlackTeam "Alsdorf SVG"]
[WhiteTeamCountry "GER"]
[BlackTeamCountry "GER"]

1. d4 d6 2. Nf3 g6 3. g3 Bg7 4. Bg2 Nf6 5. 0-0 0-0 6. c4 Nc6 7. Nc3 e5 8. e3 Bg4 9. h3 Bxf3 10. Bxf3 exd4 11. exd4 Nd7 12. Be3 Nb6 13. b3 a5 14. Rc1 h6 15. Bg2 Kh7 16. d5 Ne7 17. c5 Nd7 18. cxd6 cxd6 19. g4 f5 20. Nb5 f4 21. Bd4 Bxd4 22. Nxd4 Qb6 23. Re1 Rf7 24. Ne6 Ne5 25. Be4 Kg8 26. Qd4 1/2-1/2

[Event "Novi Sad Riblje Ostrvo 3rd"]
[White "Abolianin, Arthur"]
[Black "Marholev, Dimitar"]
[Site "Novi Sad"]
[Round "7"]
[Result "1/2-1/2"]
[Date "2016.07.26"]
[WhiteElo "2348"]
[BlackElo "2244"]
[PlyCount "37"]
[EventDate "2016.07.22"]
[EventType "tourn"]
[EventRounds "9"]
[EventCountry "SRB"]
[SourceTitle "CBM 173 Extra"]
[Source "ChessBase"]
[SourceDate "2016.08.29"]
[SourceVersion "1"]
[SourceVersionDate "2016.08.29"]
[SourceQuality "1"]

1. c4 g6 2. h4 Nf6 3. Nc3 Bg7 4. d4 d6 5. e4 h5 6. Nge2 c5 7. dxc5 dxc5 8. Qxd8+ Kxd8 9. Bf4 Na6 10. 0-0-0+ Ke8 11. f3 Nd7 12. Nb5 Nf8 13. Nec3 Ne6 14. Nd5 Bd7 15. Be3 b6 16. g3 Bxb5 17. cxb5 Nac7 18. Nxc7+ Nxc7 19. Bc4 1/2-1/2

[Event "Novi Sad Riblje Ostrvo 3rd"]
[White "Kostic, Vladimir G"]
[Black "Abolianin, Arthur"]
[Site "Novi Sad"]
[Round "1"]
[Result "1/2-1/2"]
[Date "2016.07.22"]
[WhiteElo "2371"]
[BlackElo "2348"]
[PlyCount "34"]
[EventDate "2016.07.22"]
[EventType "tourn"]
[EventRounds "9"]
[EventCountry "SRB"]
[SourceTitle "CBM 173 Extra"]
[Source "ChessBase"]
[SourceDate "2016.08.29"]
[SourceVersion "1"]
[SourceVersionDate "2016.08.29"]
[SourceQuality "1"]

1. e4 d6 2. d4 g6 3. Be3 Bg7 4. Qd2 Nd7 5. Nc3 a6 6. a4 h6 7. f4 e6 8. Nf3 Ne7 9. h4 Nf6 10. Bd3 b6 11. e5 Ng4 12. h5 Nxe3 13. Qxe3 Nf5 14. Qf2 Bb7 15. hxg6 fxg6 16. 0-0-0 0-0 17. d5 dxe5 1/2-1/2

[Event "Novi Sad Zanosh 2nd"]
[White "Kostic, Vladimir G"]
[Black "Abolianin, Arthur"]
[Site "Novi Sad"]
[Round "4"]
[Result "1/2-1/2"]
[Date "2013.10.23"]
[WhiteElo "2436"]
[BlackElo "2367"]
[PlyCount "26"]
[EventDate "2013.10.21"]
[EventType "tourn"]
[EventRounds "9"]
[EventCountry "SRB"]
[EventCategory "2"]
[SourceTitle "EXT 2014"]
[Source "ChessBase"]
[SourceDate "2013.11.20"]
[SourceVersion "1"]
[SourceVersionDate "2013.11.20"]
[SourceQuality "1"]

1. d4 d5 2. Bf4 Nf6 3. e3 Bf5 4. c4 c6 5. f3 e6 6. Qb3 Qb6 7. c5 Qxb3 8. axb3 Nbd7 9. b4 Bxb1 10. Rxb1 a6 11. g4 Be7 12. Bd3 0-0 13. Ne2 Ne8 1/2-1/2

[Event "Novi Sad Zanosh 2nd"]
[White "Abolianin, Arthur"]
[Black "Marholev, Dimitar"]
[Site "Novi Sad"]
[Round "2"]
[Result "1/2-1/2"]
[Date "2013.10.22"]
[WhiteElo "2367"]
[BlackElo "2320"]
[PlyCount "37"]
[EventDate "2013.10.21"]
[EventType "tourn"]
[EventRounds "9"]
[EventCountry "SRB"]
[EventCategory "2"]
[SourceTitle "EXT 2014"]
[Source "ChessBase"]
[SourceDate "2013.11.20"]
[SourceVersion "1"]
[SourceVersionDate "2013.11.20"]
[SourceQuality "1"]

1. d4 Nf6 2. Bg5 e6 3. Nd2 c5 4. dxc5 Bxc5 5. e3 Nc6 6. Ngf3 d5 7. Bd3 h6 8. Bh4 0-0 9. 0-0 Be7 10. c4 Nd7 11. Bxe7 Nxe7 12. cxd5 Nxd5 13. Rc1 N7f6 14. Ne5 b6 15. Qf3 Bb7 16. Rfd1 Rc8 17. a3 Rxc1 18. Rxc1 Nd7 19. Nxd7 1/2-1/2

[Event "Ghent Taminco op 35th"]
[White "Sarrau, Jelle"]
[Black "Abolianin, Arthur"]
[Site "Ghent"]
[Round "7"]
[Result "1-0"]
[Date "2012.07.16"]
[WhiteElo "2310"]
[BlackElo "2367"]
[PlyCount "93"]
[EventDate "2012.07.14"]
[EventType "swiss"]
[EventRounds "9"]
[EventCountry "BEL"]
[SourceTitle "CBM 149 Extra"]
[Source "ChessBase"]
[SourceDate "2012.08.24"]
[SourceVersion "1"]
[SourceVersionDate "2012.08.24"]
[SourceQuality "1"]

1. d4 g6 2. c4 Bg7 3. e4 d6 4. Nc3 Nf6 5. h3 c5 6. d5 0-0 7. Nf3 e6 8. Bd3 exd5 9. exd5 Re8+ 10. Be3 a6 11. a4 Nbd7 12. 0-0 Rb8 13. Qd2 Nb6 14. Bh6 Bd7 15. Bxg7 Kxg7 16. Qf4 Qe7 17. a5 Nc8 18. Rfe1 Qf8 19. Ng5 Nh5 20. Qd2 h6 21. Nf3 f5 22. b4 b5 23. cxb5 axb5 24. Ne2 c4 25. Bc2 Ne7 26. Nc3 Nf6 27. Qd4 Qf7 28. Red1 Rec8 29. Nh2 Kh7 30. Nf1 Rc7 31. Ne3 Bc8 32. Rd2 Ba6 33. Re1 Rd7 34. Rde2 Bb7 35. Rd1 Ba8 36. Rdd2 Kg8 37. g4 fxg4 38. Nxg4 Nxg4 39. Qxg4 Nf5 40. Re6 Kg7 41. Rde2 Rf8 42. Kh2 Kh7 43. f4 Qg7 44. Rg2 Qxc3 45. Bxf5 Rf6 46. Bxg6+ Kh8 47. Re8+ 1-0

[Event "Ghent Taminco op 35th"]
[White "Welz, Peter"]
[Black "Abolianin, Arthur"]
[Site "Ghent"]
[Round "3"]
[Result "1/2-1/2"]
[Date "2012.07.15"]
[WhiteElo "2200"]
[BlackElo "2367"]
[PlyCount "72"]
[EventDate "2012.07.14"]
[EventType "swiss"]
[EventRounds "9"]
[EventCountry "BEL"]
[SourceTitle "CBM 149 Extra"]
[Source "ChessBase"]
[SourceDate "2012.08.24"]
[SourceVersion "1"]
[SourceVersionDate "2012.08.24"]
[SourceQuality "1"]

1. e4 d5 2. exd5 Qxd5 3. Nc3 Qa5 4. d4 Nf6 5. Nf3 Bg4 6. h3 Bh5 7. Bd2 c6 8. Ne4 Qc7 9. Nxf6+ gxf6 10. Qe2 Bxf3 11. Qxf3 Nd7 12. 0-0-0 e6 13. g4 a5 14. Bg2 Bb4 15. Rhe1 0-0-0 16. Kb1 h5 17. gxh5 Bxd2 18. Rxd2 f5 19. c4 Nf6 20. Qe2 Nxh5 21. d5 Nf4 22. Qf3 e5 23. Bf1 Kb8 24. Red1 cxd5 25. cxd5 Qd6 26. Qc3 Rc8 27. Qxa5 Rc5 28. Qa3 Rhc8 29. Rc2 Nxd5 30. Rdc1 b6 31. Rxc5 Rxc5 32. Rxc5 bxc5 33. Qb3+ Kc7 34. Bc4 Nb4 35. Bxf7 Nc6 36. a3 Qd2 1/2-1/2

[Event "Ghent op 29th"]
[White "D'Hooge, Frank"]
[Black "Abolianin, Arthur"]
[Site "Ghent"]
[Round "2"]
[Result "0-1"]
[Date "2006.07.15"]
[WhiteElo "2007"]
[BlackElo "2365"]
[PlyCount "66"]
[EventDate "2006.07.15"]
[EventType "swiss"]
[EventRounds "9"]
[EventCountry "BEL"]
[SourceTitle "CBM 113 Extra"]
[Source "ChessBase"]
[SourceDate "2006.09.14"]
[SourceVersion "1"]
[SourceVersionDate "2006.09.14"]
[SourceQuality "1"]

1. c4 g6 2. Nc3 Bg7 3. Nf3 c5 4. g3 Nc6 5. Bg2 a6 6. 0-0 Rb8 7. a4 d6 8. Rb1 Nf6 9. b3 0-0 10. Bb2 Ne8 11. d3 Nc7 12. Nd5 e5 13. Nxc7 Qxc7 14. Nd2 b5 15. Ne4 Be6 16. Bc3 Rfd8 17. Ng5 Bd7 18. Bd5 Be8 19. f4 Ne7 20. Bg2 h6 21. Ne4 d5 22. cxd5 Nxd5 23. Bd2 exf4 24. gxf4 f5 25. Ng3 Bd4+ 26. Kh1 Ne3 27. Qe1 Nxf1 28. Nxf1 Qd6 29. axb5 Rxb5 30. Qh4 Kh7 31. Ne3 Bc6 32. h3 Re8 33. Qg3 Bxg2+ 0-1

[Event "Olympiad-36"]
[White "Abolianin, Arthur"]
[Black "Goh, Wei Ming Kevin"]
[Site "Mallorca"]
[Round "8"]
[Result "1/2-1/2"]
[Date "2004.10.23"]
[WhiteElo "2412"]
[BlackElo "2353"]
[PlyCount "120"]
[EventDate "2004.10.15"]
[EventType "team-swiss"]
[EventRounds "14"]
[EventCountry "ESP"]
[SourceTitle "CBM 104"]
[Source "ChessBase"]
[SourceDate "2005.01.27"]
[SourceVersion "1"]
[SourceVersionDate "2005.01.27"]
[SourceQuality "1"]
[WhiteTeam "Belgium"]
[BlackTeam "Singapore"]
[WhiteTeamCountry "BEL"]
[BlackTeamCountry "SIN"]

1. c4 Nc6 2. Nc3 e5 3. g3 g6 4. Bg2 Bg7 5. Rb1 d6 6. b4 f5 7. b5 Nce7 8. e3 Nf6 9. Nge2 0-0 10. 0-0 c5 11. bxc6 bxc6 12. Qa4 Qc7 13. d4 Be6 14. c5 dxc5 15. dxe5 Qxe5 16. f4 Qc7 17. Qa3 Nd7 18. e4 fxe4 19. Nxe4 Bc4 20. Re1 Nf5 21. Bb2 Rab8 22. Bxg7 Nxg7 23. Rbc1 Rb4 24. Rxc4 Rxc4 25. Qb3 Nb6 26. Nd2 Qf7 27. Nxc4 Qxc4 28. Qxc4+ Nxc4 29. Rc1 Re8 30. Bxc6 Rxe2 31. Bd5+ Kf8 32. Bxc4 Rd2 33. Bb3 Nf5 34. Rxc5 Ne3 35. Rc7 Rg2+ 36. Kh1 Rf2 37. Rc1 a5 38. Re1 Ng4 39. Kg1 Rxh2 40. Be6 Rh3 41. Kg2 Rh2+ 42. Kf3 h5 43. Bxg4 hxg4+ 44. Kxg4 Rxa2 45. Kg5 Kf7 46. Rb1 Re2 47. Rb6 Re6 48. Rxe6 Kxe6 49. Kxg6 a4 50. f5+ Ke7 51. Kg7 a3 52. f6+ Ke6 53. f7 a2 54. f8Q a1Q+ 55. Kg8 Qd4 56. Qf7+ Ke5 57. Qh5+ Ke4 58. Qh4+ Ke3 59. g4 Kf3 60. Qh3+ Kf4 1/2-1/2

[Event "Olympiad-36"]
[White "Abolianin, Arthur"]
[Black "Lie, Kjetil A"]
[Site "Mallorca"]
[Round "6"]
[Result "1-0"]
[Date "2004.10.20"]
[WhiteElo "2412"]
[BlackElo "2474"]
[PlyCount "85"]
[EventDate "2004.10.15"]
[EventType "team-swiss"]
[EventRounds "14"]
[EventCountry "ESP"]
[SourceTitle "CBM 104"]
[Source "ChessBase"]
[SourceDate "2005.01.27"]
[SourceVersion "1"]
[SourceVersionDate "2005.01.27"]
[SourceQuality "1"]
[WhiteTeam "Belgium"]
[BlackTeam "Norway"]
[WhiteTeamCountry "BEL"]
[BlackTeamCountry "NOR"]

1. d4 Nf6 2. c4 c5 3. Nf3 cxd4 4. Nxd4 e5 5. Nb5 d5 6. cxd5 Bc5 7. N5c3 0-0 8. Qb3 e4 9. g3 Qe7 10. Bg2 Bf5 11. Nd1 Nbd7 12. Nbc3 a6 13. 0-0 b5 14. Bf4 Bg6 15. Ne3 Nb6 16. Rfd1 Rad8 17. a4 b4 18. a5 bxc3 19. axb6 cxb2 20. Qxb2 Bxe3 21. fxe3 Qb7 22. Be5 Rxd5 23. Rxd5 Nxd5 24. Bxg7 Rc8 25. Bh8 f6 26. Bxf6 Nxe3 27. Bh3 Rc6 28. Bd8 Nc4 29. Qd4 Bf7 30. Qxe4 Nxb6 31. Rf1 Nd5 32. Bf5 h5 33. Bg5 Nc3 34. Bh7+ Kg7 35. Bf6+ Kh6 36. Qe3+ Kxh7 37. Bxc3 Bg6 38. Rf8 Qb1+ 39. Kf2 Rxc3 40. Qxc3 Qb6+ 41. e3 Kh6 42. h4 Qd6 43. Qh8+ 1-0